000 00357nam a2200133Ia 4500
008 220204s9999 xx 000 0 und d
082 _a053
_bBRO
100 _aWalter A
245 0 _aPhysical science: A search for understanding
260 _aPhiladelphia
_bJ B Lippincott
_c1977
650 _aPhysical science
700 _aAnderson, Norman D
942 _cBK
999 _c33304
_d33304